[Jujutsu Kaisen] Classe des personnages - Statistiques

Statistiques générales
  • Ce quiz a été pris 298 fois
  • Le résultat moyen est 13 sur 25
Statistiques - réponses
Hint Réponse % Correct
S Satoru Gojo
100%
4 Maki Zenin
87%
S Yuta Okkotsu
85%
2 Megumi Fushiguro
83%
S Suguru Geto
82%
3 Nobara Kugisaki
81%
Semi 2 Panda
80%
1 Kento Nanami
70%
3 Mai Zenin
68%
1 Aio Todo
67%
S Yuki Tsukumo
64%
1 Mei Mei
56%
Semi 1 Toge Inumaki
52%
Semi 1 Kokichi Muta
51%
1 spé Naoya Zenin
38%
3 Kasumi Miwa
34%
Semi 1 Noritoshi Kamo
30%
Semi 2 Momo Nishimiya
28%
1 spé Naobito Zenin
28%
Semi 1 Utahime Iori
24%
1 Masamichi Yaga
22%
1 Atsuya Kusakabe
17%
2 Takuma Ino
12%
1 spé Jinichi Zenin
11%
1 spé Ogi Zenin
11%
Aucun quiz correspondant
Distribution des résultats
% des personnes avec chaque résultat
Percentile par nombre de réponses
Votre historique - résultats
Vous n’avez pas pris ce quiz